000 00316nam a2200109Ia 4500
008 160531s9999 xx 000 0 und d
100 _aRauche, G.A.
245 2 _aA Student's Key to Ancient Greek Thought
245 _cby G.A. Rauche
260 _c2015
856 _uhttp://www.smashwords.com/books/notPublished/520355
999 _c295170
_d295170